The change masters

Saved in:
Bibliographic Details
Main Author: Kanter, Rosabeth Moss
Format: Book
Language:Undetermined
Published: New York Simon and Schuster 1983
Subjects:
Tags: Add Tag
No Tags, Be the first to tag this record!
Institutions: Trung tâm Học liệu Trường Đại học Cần Thơ
LEADER 00455nam a2200169Ia 4500
001 CTU_78166
008 210402s9999 xx 000 0 und d
082 |a 658.3 
082 |b K16 
100 |a Kanter, Rosabeth Moss 
245 4 |a The change masters 
245 0 |c Rosabeth Moss Kanter 
260 |a New York 
260 |b Simon and Schuster 
260 |c 1983 
650 |a Organizational change 
980 |a Trung tâm Học liệu Trường Đại học Cần Thơ